| Поле | Инд. | ПП | Название | Значение |
|---|---|---|---|---|
| Тип записи | a | |||
| Библиографический уровень | m | |||
| 001 | Контрольный номер | 004870288 | ||
| 005 | Дата корректировки | 20140703194300.4 | ||
| 008 | Кодируемые данные | 101227s2010 y zzzz 000 1 rusdu | ||
| 020 | a | ISBN | 978-5-98803-230-4 | |
| 040 | d | Организация, изменившая запись | RuMo | |
| e | Правила каталог. | rcr | ||
| a | Служба первич. каталог. | НБ ТвГУ | ||
| 041 | a | Код языка текста | rus | |
| 080 | a | Индекс УДК | 004.62 | |
| 080 | a | Индекс УДК | 621.372.037.372 | |
| 084 | a | Индекс другой классификации/Индекс ББК | З973.233 | |
| 084 | a | Индекс другой классификации/Индекс ББК | З811 | |
| 090 | a | Полочн. индекс | З973.2 | |
| x | Авторский знак | Д 33 | ||
| 100 | 1_ | a | Автор | Денисенко Александр Николаевич |
| q | Полное имя | Денисенко А. Н. | ||
| 245 | 00 | a | Заглавие | Компьютерная обработка информации |
| 260 | a | Место издания | Москва | |
| b | Издательство | Медпрактика-М | ||
| c | Дата издания | 2010 | ||
| 300 | a | Объем | 252 с. | |
| b | Иллюстрации/ тип воспроизводства | ил., табл. | ||
| c | Размеры | 21 см | ||
| 504 | a | Библиография | Библиогр.: с. 249-250 (44 назв.) | |
| 520 | a | Аннотация | Рассматриваются методы компьютерного анализа информации, носителем которой является сигнал; отражены теоретические и практические аспекты анализа. Каждый раздел книги заканчивается расчетными выражениями, удобными при практическом использовании описанных методов в исследовании сигналов, цепей и систем. Разработанные программы, реализующие описанные методы, позволили получить графики, иллюстрирующие их возможности.Монография рассчитана на инженеров и исследователей в области информационных технологий и других смежных научных направлений. Полезна преподавателям и студентам старших курсов соответствующих специальностей. Ее структура и содержание могут быть положены в основу учебной дисциплины с таким же названием. | |
| 653 | a | Ключевые слова | Анализ сигналов | |
| a | Ключевые слова | Аппроксимация сигналов | ||
| a | Ключевые слова | Вычислительная техника | ||
| a | Ключевые слова | Интерполяция сигналов | ||
| a | Ключевые слова | Информация | ||
| a | Ключевые слова | Кодирование информации | ||
| a | Ключевые слова | Компьютерная обработка информации | ||
| a | Ключевые слова | Компьютерная обработка сигналов | ||
| a | Ключевые слова | Компьютерная обработка случайных процессов | ||
| a | Ключевые слова | Обработка информации | ||
| a | Ключевые слова | Обработка сигналов | ||
| a | Ключевые слова | Обработка случайных процессов | ||
| a | Ключевые слова | Передача информации | ||
| a | Ключевые слова | Представление информации | ||
| a | Ключевые слова | Радиоэлектроника | ||
| a | Ключевые слова | Сигналы | ||
| a | Ключевые слова | Синтез цифровых фильтров | ||
| a | Ключевые слова | Случайные процессы | ||
| a | Ключевые слова | Цифровые фильтры | ||
| 901 | t | Тип документа | m | |
| 920 | a | Оператор | Стру | |
| 952 | c | Вид литературы | К рн | |
| 954 | a | Дата поступления на обработку | 20110829 |